Game Of Thrones : Theon - Statistiques

Statistiques générales
  • Ce quiz a été pris 173 fois
  • Le résultat moyen est 6 sur 14
Statistiques - réponses
Informations recherchées Réponses % Correct
Maison Greyjoy
89%
Soeur Yara Greyjoy
84%
Père Balon Greyjoy
75%
Assassin Roi de la nuit
71%
Alias Schlingue / Petit Theon
56%
Blason Un kraken d'or sur un fond noir
46%
Religion Dieu Noyé
42%
Acteur Alfie Allen
40%
Devise "Nous ne semons pas"
40%
Titre(s) Prince des îles de Fer / Prince de Winterfell
25%
Dicton "Ce qui est mort ne saurait mourir"
23%
Frère Maron Greyjoy
3%
Frère Rodrik Greyjoy
3%
Mère Alannys Greyjoy
2%
Aucun quiz correspondant
Distribution des résultats
% des personnes avec chaque résultat
Percentile par nombre de réponses
Votre historique - résultats
Vous n’avez pas pris ce quiz